Quiz o Myszkowie - Statystyki

Ogólne statystyki
  • Ten quiz został rozwiązany 16 razy
  • Średni wynik to 7 z 15
Statystyki odpowiedzi
Wskazówka Odpowiedź % Poprawnych
Województwo, w którym leży miasto Śląskie
100%
Województwo, w którym leżało miasto w latach 1975-1998 Częstochowskie
92%
Nazwa lokalnego klubu piłkarskiego {MKS} Myszków
77%
Rzeka, nad którą leży miasto Warta
77%
Zabór, do którego należał Myszków Rosyjski
69%
Tablice rejestracyjne SMY
69%
Burmistrz miasta Włodzimierz Żak
62%
Rok nadania praw miejskich 1950
54%
Inna nazwa tego budynku Pałacyk {Fabrykanta}
38%
Kierunek w sztuce, w którym został wykonany herb miasta Socrealizm
31%
Wiek założenia miasta XIV
31%
Najwyżej położony punkt w Myszkowie na wysokości 367 m n.p.m. Góra Będuska
23%
Wymień jedno z miast partnerskich Myszkowa Kopřivnice | Los Alcázares | Zwönitz | Námestovo | Békés
15%
Region geograficzny, na którym leży Myszków Wyżyna Śląska
8%
Pierwszy właściciel wybudowanego w 1895 pałacyku w Myszkowie August Schmelzer
0%
Nie znaleziono quizów pasujących do podanych kryteriów
Rozkład punktacji
Procent ludzi z każdym wynikiem
Percentyl według liczby udzielonych odpowiedzi
Twoja historia wyników
Nie rozwiązałeś tego quizu